000 00772nam a2200241 i 4500
003 DO-SdBNP
005 20230925091713.0
007 ta
008 110413s2005 dr 000 j spa d
040 _aDO-SdBNP
_bspa
_cBNPHU
_erda
082 _bL719
_222
111 _aLienzos de la Identidad Dominicana
_cMuseo del Hombre Dominicano
_d(25 de febrero-2005-7:30 p.m.)
_984264
245 0 0 _aLienzos de la identidad dominicana :
_bPrograma de apertura
264 1 _aSanto Domingo :
_bMuseo del Hombre Dominicano,
_c2005.
300 _a10 paginas ;
_c28 cm.
_b
336 _2rdacontent
_atexto
_btxt
337 _2rdamedia
_asin mediación
_bn
338 _2rdacarrier
_avolumen
_bnc
590 _aInventariado, 2023/ DG
700 1 _984119
910 _aDG
942 _2ddc
_cLF2
999 _c54912
_d54912